| 000 | 00760nam a2200229 i 4500 | ||
|---|---|---|---|
| 001 | 88911 | ||
| 003 | ES-MaACL | ||
| 005 | 20230906175953.0 | ||
| 007 | t| | ||
| 008 | 041228s1989 sp ||||1| spa d | ||
| 020 | _a84-86115-21-3 | ||
| 080 | _a502.6(99) | ||
| 080 | _a504.05(99) | ||
| 100 | 1 |
_aMay, John. _979324 |
|
| 245 | 1 | 3 |
_aEl libro Greenpeace de la Antártida _b: una nueva visión del séptimo continente / _cJohn May. |
| 260 |
_aMadrid : _bRaíces, _c[1989] |
||
| 300 |
_a192 p. : _bil. col. y n. ; _c29 cm. |
||
| 504 | _aBibliografía: p. 184-185. | ||
| 650 | 1 | 4 |
_aNaturaleza- _xProtección- _zRegiones antárticas. _915487 |
| 650 | 1 | 4 |
_aMedio ambiente- _xInfluencia humana- _zRegiones antárticas. _914957 |
| 852 |
_aES-MaACL _jE-10758 _bR.134938 |
||
| 999 |
_c88911 _d88911 |
||